| 000 | 01995cam a22005294i 4500 | ||
|---|---|---|---|
| 003 | PE-LiUPU | ||
| 005 | 20250731165609.0 | ||
| 008 | 150706s r 000 0 d | ||
| 035 | _a(Sirsi) a49253 | ||
| 035 | _a(Sirsi) a49253 | ||
| 040 |
_aPE-LiUPU _bspa _cPE-LiUPU _erda |
||
| 049 | _aPRUA | ||
| 082 | 0 | 4 |
_a492.403 _bDH _221 |
| 100 | 1 |
_aEven-Shoshan, Avraham, _d1906-1984, _eautor. |
|
| 245 | 1 | 0 |
_aHa-Milon he-hadash : _botsar shalem shel ha-lashon ha-'Ivrit ha-sifrutit, ha-mada'it veha-meduberet, nivim va-amarot 'Ivriyim va-Aramiyim, munahim benle'umiyim.qof-resh / _cme-et Avraham Even-Shoshan, be-hishtatfut hever anshe mada. |
| 264 | 1 |
_aYerushalayim : _bKiryat-sefer, _c1966. |
|
| 300 |
_apáginas 2277-2582 : _bilustraciones ; _c28 cm. |
||
| 336 |
_atext _2rdacontent |
||
| 337 |
_aunmediated _2rdamedia |
||
| 338 |
_avolume _2rdacarrier |
||
| 490 | 0 | _aEl Nuevo diccionario [Hebreo] | |
| 500 | _aDatos trasliterados. | ||
| 504 | _aIncluye bibliografía. | ||
| 505 | 0 | _aDiccionario de Hebreo. | |
| 526 | _aSEG44 | ||
| 526 | _aSEG26 | ||
| 526 | _aP151 | ||
| 526 | _aP150 | ||
| 526 | _aP149 | ||
| 526 | _aP146 | ||
| 526 | _aP145 | ||
| 526 | _aP126 | ||
| 526 | _aP125 | ||
| 526 | _aP92 | ||
| 526 | _aP75 | ||
| 526 | _aP74 | ||
| 526 | _aP27 | ||
| 526 | _aP15 | ||
| 541 | _g001-0000493; | ||
| 650 | 0 | 4 |
_aHebreo _vDiccionarios. |
| 910 | _agl20101230 | ||
| 942 |
_2ddc _cBOOK |
||
| 949 |
_aRC 492.403 6 DH _wDEWEY _c1 _i62539 _lRC _mBUL _p38.00 _r0 _sY _tBOOK _u2015-7-6 _xTEOLOGIA _PP35 _0COMPRA _o.CIRCNOTE. No olvidar cambiar la fecha de devolución!!!!!!! _o.STAFF. Colección General |
||
| 994 |
_aC0 _bPEPRU |
||
| 596 | _a1 | ||
| 999 |
_aRC 492.403 6 DH _wDEWEY _c51580 _i62539 _f2021-11-8 _g5 _lCCODEBUL1 _mBUL _p38.00 _r1 _sY _tBOOK _u2015-7-6 _xTEOLOGIA _PP35 _0COMPRA _o.CIRCNOTE. No olvidar cambiar la fecha de devolución!!!!!!! _o.STAFF. Colección General _d51580 |
||
| 980 |
_81 _gALBERTO SANCHEZ Responsable de Automatización |
||